000
00302nam a2200121Ia 4500
008
220204s9999 xx 000 0 und d
082
_a
631.4
_b
JOH
100
_a
John, Russell E
245
0
_a
Soil conditions and plant growth (Cost recovered)
250
_a
8
260
_b
Longmans
_c
1950
942
_c
BK
999
_c
19437
_d
19437